000 00607cam a2200145 4500500
005 20251228082901.0
041 _afre
042 _adc
100 1 0 _aWeidenfeld, Katia
_eauthor
245 0 0 _aJoël Hautebert, La justice pénale à Nantes au Grand Siècle : jurisprudence de la sénéchaussée présidiale, Paris, M. de Maule, 2001. Un vol. 17 × 24 cm de 419 p.
260 _c2005.
500 _a17
786 0 _nDix-septième siècle | 226 | 1 | 2005-03-01 | p. 165i-186i | 0012-4273
856 4 1 _uhttps://shs.cairn.info/revue-dix-septieme-siecle-2005-1-page-165i?lang=fr&redirect-ssocas=7080
999 _c1599978
_d1599978